Popularne polskie piosenki w tym tygodniu. 12-18.02 - Statystyki

Ogólne statystyki
  • Ten quiz został rozwiązany 8 razy
  • Średni wynik to 10 z 30
Statystyki odpowiedzi
Wykonawca Wyświetlenia Utwór % Poprawnych
Quebonafide ft. Daria Zawiałow 546K BUBBLETEA
88%
Young Leosia 2.09M Szklanki
88%
Guzior 1.79M BLUEBERRY
63%
Guzior ft. Oskar83 1.43M FALA
63%
Sobel 972K Kinol
63%
Wiatr ft. Sobel, Be Vis 969K Testarossa
63%
Sanah ft. Vito Bambino 3.34M Ale jazz!
50%
Sobel 983K Alien
50%
ReTo 533K Billy Kid
50%
Alberto 748K Dwutakt
50%
Kabe 1.29M Nad ranem
50%
Żabson ft. Vladimir Cauchemar 759K OBOK
50%
Qry 733K Bierz do buzi
38%
Defis & MiłyPan 1.48M Musisz się starać
38%
Florek ft. Młodypago, Piluś 602K Buzi
25%
Kali x Major ft. PlanBe 635K California
25%
Kizo ft. Trill Pem 719K Fitness
25%
Cheatz 775K gdzie jest stary dawid
25%
Margaret ft. Natalia Szroeder 639K Sold Out
25%
Cypis 593K Co za dużo to nie zdrowo
13%
Bedoes & Lanek 660K Doda
13%
BARANOVSKI 793K Lubię być z nią
13%
Sanah 617K No sory
13%
Vivat 1.04M Oddam ci wszystko
13%
Smolasty ft. Qry 576K Powiedz
13%
Michał Szczygieł 790K Spontan
13%
Bedoes & Lanek 586K TOA$T /
13%
Kali x Major 536K Si
0%
Major SPZ 778K Skarb
0%
Menelaos 734K Zarąbista Para
0%
Nie znaleziono quizów pasujących do podanych kryteriów
Rozkład punktacji
Procent ludzi z każdym wynikiem
Percentyl według liczby udzielonych odpowiedzi
Twoja historia wyników
Nie rozwiązałeś tego quizu